Statistics for Famous People Fractured

Click here to take the quiz!

General Stats

  • This quiz has been taken 11,727 times
  • The average score is 14 of 18

Answer Stats

Fractured Name Answer % Correct
A doll fiddlerAdolf Hitler
98%
Mow bead hickMoby Dick
94%
Sand tackle lawsSanta Claus
89%
Sure low combsSherlock Holmes
88%
My gulch hoard inMichael Jordan
85%
Saw career teaseSocrates
84%
Chose if starlingJoseph Stalin
82%
Buck spun heBugs Bunny
82%
And jelly nudge 'ol LeighAngelina Jolie
81%
Caress tougher clump usChristopher Columbus
80%
My shell lobe armourMichelle Obama
79%
Hindi an itch ownsIndiana Jones
78%
Chore jaw wellGeorge Orwell
77%
Docked hearse whoseDoctor Seuss
74%
Cull ear PetraCleopatra
73%
Jowel stick-insCharles Dickens
67%
Tall mischief her sinThomas Jefferson
60%
Nail cinnamon tellerNelson Mandela
55%

Score Distribution

Percentile by Number Answered

Percent of People with Each Score

Your Score History

You have not taken this quiz